1141 1869 1898 1035 1224 1789 1383 1070 1979 1927 1160 1976 1210 1452 1840 1107 1869 1739 1021 1517 1711 1102 1025 1656 1027 1112 1418 1196 1409 1615 1755 1229 1698 1390 1742 1965 1213 1547 1240 1243 1785 1456 1443 1831 1301 1100 1167 1679 1297 1584 1978 1491 1616 1429 1241 1124 1027 1229 1233 1322 1506 1591 1752 1538 1340 1088 1672 1508 1618 1144 1610 1885 1849 1108 1174 1618 1852 1353 1480 1652 1013 1137 1319 1973 1583 1796 1385 1831 1795 1317 1369 1649 1145 1824 1894 1445 1216 1593 1228 BCNSPRNW ULIB Ver.6.0+V

เปลี่ยนเป็นภาษาไทย

Change to English
 แสดงรายละเอียดบรรณานุกรม
  กลับหน้าหลัก

Brief Record : Get Marc (ISO 2709) : E-mail record : QR code < ปิดหน้าต่าง
LEADER : 00000nam 2200000uu 4500
001    13399127746
003     ULIB
008    210518s2557||||th 000 0 tha d
020    ู^a9786163692412
050    ^aนว^bซ119ม^cล.6
100    ^aซ็อลบง
245    ^aมหากาพย์เทพมรณะ เล่ม 6
250    ^aพิมพ์ครั้งที่ 1
260    ^aกรุงเทพฯ :^bสยามอินเตอร์บุ๊คส์,^c2557
300    ^a223 หน้า;^b21 ซม.
650    ^aนวนิยาย
945    ^p200^l0^i008057
999    ^aประนอม เกษจรัล
รายการนี้ยังไม่มีแท็ก
คุณยังไม่ได้ล็อกอิน คุณสามารถมีกิจกรรมร่วมกับเว็บไซต์ได้ แต่ต้องล็อกอินก่อน ::
  ล็อกอิน

รายการสื่อสารสนเทศ

ลำดับที่ ประเภท เลขเรียก/บาร์โค้ด สถานที่ สถานะ
1. นวนิยาย
นวนิยาย
นว ซ119ม ล.6 ฉ.1 
  Barcode: 008057
ห้องสมุดวิทยาเขตนครสวรรค์
►นวนิยาย:l:Fiction
บนชั้น
Note:บริจาค

รายการใกล้เคียง
    ผู้แต่ง [ซ็อลบง]

    หัวเรื่อง [นวนิยาย]

BibComment


ยังไม่เคยถูกคอมเมนท์

คอมเมนท์ทรัพยากรรายการนี้
  คอมเมนท์: มหากาพย์เทพมรณะ ..


 Copyright 2026. Bcnsprnw @Library